Statistics for Historical Events and Figures #7

Click here to take the quiz!

General Stats

  • This quiz has been taken 27 times
  • The average score is 5 of 20

Answer Stats

DescriptionAnswer% Correct
Former President of Zimbabwe whose socialist policies caused hyperinflationRobert Mugabe
69%
President of Egypt who succeeded Sadat after his assassinationHosni Mubarak
58%
Leader of the Zulu kingdom that increased their military capabilitiesShaka Zulu
58%
Frecnh philosopher on existentialism who wrote "Nausea" and "The Age of Reason"Jean-Paul Sartre
54%
French naturalist who wrote "Germinal" and "Nana"Emile Zola
42%
The mastermind behind the attack on Pearl HarborIsoroku Yamamoto
35%
Series of public execution in the French revolutionReign of Terror
31%
Most prominent figure of the Haitian RevolutionToussaint Louverture
31%
First Marxist to be elected in Latin America, was elected in ChileSalvador Allende
23%
Leader of Iran that expanded the empire to its largestNader Shah
19%
Leader of an uprising in Peru against the SpanishTupac Amaru II
15%
Independence leader who freed Chile from Spanish ruleBernardo O'Higgins
12%
President of Brazil who turned into a dictatorGetulio Vargas
12%
Known as the scientific theorist of the EnlightenmentDenis Diderot
8%
French philosopher who wrote "The Crimes of Love" and other sexual worksMarquis de Sade
8%
French playright who wrote about women rights and abolitionOlympe de Gouges
8%
President of Mexico and general who ruled for 31 yearsPorfirio Diaz
8%
Political thinker known for his work "Democracy in America"Alexis de Tocqueville
4%
President of Costa Rica who received a Nobel Peace PrizeOscar Arias
4%
Wars between the settlers of South Africa and the natives (includes Boer Wars)Xhosa Wars
4%

Score Distribution

Percentile by Number Answered

Percent of People with Each Score

Your Score History

You have not taken this quiz